[Event "4NCL Division 1b"]
[Site "Birmingham ENG"]
[Date "2015.02.14"]
[Round "5.151"]
[White "Wallace, John-Paul"]
[Black "Jones, Gawain"]
[Result "0-1"]
[WhiteElo "2385"]
[BlackElo "2670"]
[PlyCount "56"]
[EventDate "2015.02.14"]
[WhiteTeam "Cambridge University 1"]
[BlackTeam "Guildford 1"]

1. d4 Nf6 2. c4 e6 3. Nc3 Bb4 4. e3 O-O 5. Bd3 d5 6. cxd5 exd5 7. Nge2 Bd6 8.
Bd2 Re8 9. Rc1 Na6 10. a3 c5 11. Nb5 Bf8 12. dxc5 Nxc5 13. Bb4 b6 14. Ned4 a6
15. Nc3 a5 16. Bxc5 bxc5 17. Nde2 Bb7 18. O-O Rc8 19. Bf5 Rc6 20. Qa4 Rb6 21.
Qc2 g6 22. Bh3 d4 23. Rfd1 Rd6 24. Qb3 dxc3 25. Rxd6 Qxd6 26. Qxb7 Rb8 27. Qa7
cxb2 28. Rb1 Qd3 0-1